000 00224nam a22001097a 4500
082 _a823
_bBLY/E
100 _aBLYTON, ENID
245 _aTHE ENCHANTED WOOD
260 _aSINGAPORE
_bMAMMOTH
_c1995
300 _a185
942 _cBK
999 _c7225
_d7225